Vývoj veřejné správy v letech 1848-1948

Gespeichert in:
Bibliographische Detailangaben
1. Verfasser: Schelle, Karel
Format: Buch
Sprache:Tschechisch
Veröffentlicht: Praha EUROLEX BOHEMIA 2002
Schlagworte:
Tags: Tag hinzufügen
Keine Tags, Fügen Sie das erste Tag hinzu!

MARC

LEADER 00000nam a2200000 4500
001 c141548
005 20221124093329.2
020 |a 80-86432-25-4 
041 0 |a cze 
044 |a CZ 
245 1 0 |a Vývoj veřejné správy v letech 1848-1948 
264 1 |a Praha  |b EUROLEX BOHEMIA  |c 2002 
300 |a 389 s. 
610 2 0 |a správa verejná 
610 2 0 |a dejiny 
610 2 0 |a Česko 
610 2 0 |a sloboda informácií 
610 2 0 |a Slovensko 
610 2 0 |a 1848-1948 
610 2 0 |a ústava 
610 2 0 |a samospráva 
610 2 0 |a samospráva miestna 
610 2 0 |a správa štátna 
610 2 0 |a zákony 
610 2 0 |a súdnictvo 
610 2 0 |a právo správne 
100 1 |a Schelle, Karel